|
|
|
|
| LEADER |
00000nab#a22000007a#4500 |
| 001 |
arbauad038672 |
| 003 |
AR-BaUAD |
| 005 |
20250711113026.0 |
| 008 |
990730|||||||||###||||||b###|0###a|spa|| |
| 040 |
|
|
|a AR-BaUAD
|c AR-BaUAD
|b spa
|
| 100 |
|
|
|a Guaita, Ovidio
|
| 245 |
|
|
|a Il verde aggredito /
|c Ovidio Guaita;
|
| 300 |
0 |
|
|b fot.
|
| 500 |
|
|
|a Fotografías aéreas.
|
| 653 |
|
|
|a JARDINES
|
| 653 |
|
|
|a MEDIO AMBIENTE
|
| 653 |
|
|
|a ECOLOGIA
|
| 773 |
0 |
|
|t VILLE GIARDINI
|g no. 296 [oct. 1994], p. 30-31
|
| 942 |
|
|
|c ARTI
|
| 952 |
|
|
|0 0
|1 0
|4 0
|7 0
|9 83591
|a AR-BAuAD
|b AR-BAuAD
|d 2025-07-11
|l 0
|p AAQA038672
|r 2025-07-11 11:30:26
|w 2025-07-11
|y ARTI
|
| 990 |
|
|
|a AQ199
|b TD
|
| 990 |
|
|
|a P199
|b TD
|
| 998 |
|
|
|a AAQ
|b BIBUN76
|
| 999 |
|
|
|c 63264
|d 63264
|